Vegan bowl attack! : (Record no. 357841)
[ view plain ]
| 000 -LEADER | |
|---|---|
| fixed length control field | 00623nam a2200229Ia 4500 |
| 008 - FIXED-LENGTH DATA ELEMENTS--GENERAL INFORMATION | |
| fixed length control field | 180523s9999 xx 000 0 und d |
| 020 ## - INTERNATIONAL STANDARD BOOK NUMBER | |
| International Standard Book Number | 978-1-59233-721-7 |
| 050 ## - LIBRARY OF CONGRESS CALL NUMBER | |
| Classification number | CUL TX 837 |
| 050 ## - LIBRARY OF CONGRESS CALL NUMBER | |
| Item number | .S63 2016 |
| 100 ## - MAIN ENTRY--PERSONAL NAME | |
| Personal name | Sobon, Jackie. |
| 245 #0 - TITLE STATEMENT | |
| Title | Vegan bowl attack! : |
| 245 #0 - TITLE STATEMENT | |
| Remainder of title | more than 100 one-dish meals packed with plant-based power / |
| 260 ## - PUBLICATION, DISTRIBUTION, ETC. (IMPRINT) | |
| Place of publication, distribution, etc | Beverly, Massachusetts : |
| 260 ## - PUBLICATION, DISTRIBUTION, ETC. (IMPRINT) | |
| Name of publisher, distributor, etc | Fair Winds Press, |
| 260 ## - PUBLICATION, DISTRIBUTION, ETC. (IMPRINT) | |
| Date of publication, distribution, etc | 2017 |
| 300 ## - PHYSICAL DESCRIPTION | |
| Extent | 208 pages : |
| 300 ## - PHYSICAL DESCRIPTION | |
| Other physical details | colored illustrations ; |
| 300 ## - PHYSICAL DESCRIPTION | |
| Dimensions | 24 cm. |
| 500 ## - GENERAL NOTE | |
| General note | Includes index |
| 650 ## - SUBJECT ADDED ENTRY--TOPICAL TERM | |
| Topical term or geographic name as entry element | Vegan cooking. |
| 650 ## - SUBJECT ADDED ENTRY--TOPICAL TERM | |
| General subdivision | One-dish meals. |
| Withdrawn status | Lost status | Damaged status | Home library | Current library | Shelving location | Date acquired | Cost, normal purchase price | Total Checkouts | Full call number | Barcode | Date last seen | Price effective from | Koha item type |
|---|---|---|---|---|---|---|---|---|---|---|---|---|---|
| South Mansfield College | South Mansfield College | 01/31/2018 | 1.00 | CUL TX 837 .S63 2016 | SMC06127 | 05/23/2018 | 05/23/2018 | Books |